000 00552nam a22002177a 4500
003 UA-OsUOA
001 63445
007 ta
008 20091006b un ||||| |||| 00| 0 ukr d
100 _aГрабовський С.
090 _a94(477)
_bГ75
942 _cSA
040 _aUA-OsUOA
_bukr
_cUA-OsUOA
_dUA-OsUOA
245 _aНезолотий вересень 1939 року
300 _aС.4
955 _a0
041 _aukr
080 _a94(477)
773 0 _w63444
650 7 _a9 Географія. Біографії. Історія
_2UDC
999 _c349532
_d349532